Countries with the Largest Immigrant Populations - Statistics

General Stats
  • This quiz has been taken 45 times
  • The average score is 18 of 25
Answer Stats
Number of Immigrants Country % Correct
50.6 M United States
100%
8.5 M France
94%
8 M Canada
92%
4.9 M India
92%
9.4 M United Kingdom
92%
7.7 M Australia
89%
15.8 M Germany
86%
6.4 M Italy
86%
6.8 M Spain
86%
6.1 M Turkey
83%
11.6 M Russia
81%
3.3 M Pakistan
78%
2.8 M Japan
75%
13.5 M Saudi Arabia
75%
3.6 M Thailand
75%
2.8 M Iran
72%
2.9 M South Africa
69%
5 M Ukraine
69%
3.7 M Kazakhstan
58%
3.5 M Jordan
47%
3.5 M Malaysia
47%
2.5 M Singapore
44%
3.1 M Kuwait
42%
8.7 M United Arab Emirates
33%
2.6 M Ivory Coast
14%
No matching quizzes found
Score Distribution
Percent of People with Each Score
Percentile by Number Answered
Your Score History
You have not taken this quiz